Parc de Collserola / [guió i redacció: Gonçal Luna] Gonçal Luna]
ISBN:
84-9803-118-4
Descripción Física:
189 p. : il. col. ; 23 cm
Colección:
Guies dels parcs ; 5
Otros Autores:
Luna, Gonçal
MARC
| LEADER | 00000nam a2200000Ia 4500 | ||
|---|---|---|---|
| 001 | 17680 | ||
| 008 | 160829s2006 xx 000 0 cat d | ||
| 020 | |a 84-9803-118-4 | ||
| 080 | |a C-2-438 | ||
| 245 | |a Parc de Collserola / [guió i redacció: |b Gonçal Luna] | ||
| 260 | |a Barcelona : |b Diputació de Barcelona, |c 2006 | ||
| 300 | |a 189 p. : |b il. col. ; |c 23 cm | ||
| 490 | |a Guies dels parcs ; 5 | ||
| 590 | |a Bibliografia | ||
| 610 | 0 | |a Parc de Collserola |v Guies |9 9951 | |
| 650 | |a Espais naturals |x Catalunya |9 49616 | ||
| 700 | |a Luna, Gonçal |9 456 | ||
| 710 | 1 | |a Barcelona (Catalunya : Província). |b Diputació |9 52408 | |
| 901 | |a Arxiu | ||
| 942 | |n 1 | ||
| 952 | |0 0 |1 0 |4 0 |6 C2438 |7 1 |9 44936 |a Arxiu |b Arxiu |d 2016-12-01 |l 0 |o C-2-438 |p 17680 |r 2016-12-01 00:00:00 |w 2016-12-01 |y ARXIU | ||
| 999 | |c 47535 |d 47535 | ||